MARC details
| 000 -LEADER |
| campo de control de longitud fija |
01521nam a2200325 i 4500 |
| 001 - NÚMERO DE CONTROL |
| campo de control |
106255 |
| 003 - IDENTIFICADOR DE NÚMERO DE CONTROL |
| campo de control |
ES-MaACL |
| 005 - FECHA Y HORA DE LA ÚLTIMA TRANSACCIÓN |
| campo de control |
20230929062532.0 |
| 007 - CAMPO FIJO DE DESCRIPCIÓN FÍSICA--INFORMACIÓN GENERAL |
| campo de control de longitud fija |
t| |
| 008 - DATOS DE LONGITUD FIJA--INFORMACIÓN GENERAL |
| campo de control de longitud fija |
061009r1990 sp fhp d |||| | spa d |
| 020 ## - NÚMERO INTERNACIONAL ESTÁNDAR DEL LIBRO |
| Número Internacional Estándar del Libro |
84-249-1334-5 |
| 080 ## - NÚMERO DE LA CLASIFICACIÓN DECIMAL UNIVERSAL |
| Número de la Clasificación Decimal Universal |
806.0-3 |
| 245 00 - MENCIÓN DEL TÍTULO |
| Título |
Diccionario de autoridades |
| Resto del título |
: edición facsímil / |
| Mención de responsabilidad, etc. |
Real Academia Española. |
| 246 35 - FORMA VARIANTE DEL TITULO |
| Título propio/Titulo breve |
Diccionario de la lengua castellana, en que se explica el verdadero sentido de las voces, su naturaleza y calidad... los proverbios o refranes... |
| 250 ## - MENCION DE EDICION |
| Mención de edición |
Reimp. |
| 260 ## - PUBLICACIÓN, DISTRIBUCIÓN, ETC. |
| Lugar de publicación, distribución, etc. |
Madrid : |
| Nombre del editor, distribuidor, etc. |
Gredos, |
| Fecha de publicación, distribución, etc. |
1990. |
| 300 ## - DESCRIPCIÓN FÍSICA |
| Extensión |
3 v. : |
| Otras características físicas |
[1] h. de lám. ; |
| Dimensiones |
25 cm. |
| 490 1# - MENCIÓN DE SERIE |
| Mención de serie |
Biblioteca románica hispánica, V. |
| -- |
Diccionarios ; |
| Designación de volumen o secuencia |
3 |
| 505 8# - NOTA DE CONTENIDO CON FORMATO |
| Nota de contenido con formato |
Contiene: [1] ; |
| Título |
A-C - [2] ; |
| -- |
D-Ñ - [3] ; |
| -- |
O-Z |
| 534 ## - NOTA SOBRE LA VERSIÓN ORIGINAL |
| Frase introductoria |
[1] Reprod. facs. de la ed. de: |
| Publicación, distribución, etc. del original |
Madrid : Imp. de Francisco del Hierro, Imp. de la RAE, 1726. |
| 534 ## - NOTA SOBRE LA VERSIÓN ORIGINAL |
| Frase introductoria |
[2] Reprod. facs. de la ed. de: |
| Publicación, distribución, etc. del original |
Madrid : Imp. de la Real Academia Española : por la Viuda de Francisco del Hierro, 1732. |
| 534 ## - NOTA SOBRE LA VERSIÓN ORIGINAL |
| Frase introductoria |
[3] Reprod. facs. de la ed. de: |
| Publicación, distribución, etc. del original |
Madrid : Imp. de la Real Academia Española : por los Herederos de Francisco del Hierro, 1737. |
| 650 04 - PUNTO DE ACCESO ADICIONAL DE MATERIA--TÉRMINO DE MATERIA |
| Término de materia o nombre geográfico como elemento de entrada |
Lengua española- |
| Subdivisión de forma |
Diccionarios. |
| 9 (RLIN) |
14137 |
| 655 #7 - TERMINO DE INDIZACIÓN--GENERO/FORMA |
| Fuente del término |
tgfbne |
| 9 (RLIN) |
226495 |
| Datos o término principal de género/forma |
Facsímiles |
| 710 2# - ENTRADA AGREGADA--NOMBRE DE ENTIDAD CORPORATIVA |
| Nombre de entidad corporativa o nombre de jurisdicción como elemento de entrada |
Real Academia Española |
| 9 (RLIN) |
6336 |
| 830 0# - PUNTO DE ACCESO ADICIONAL DE SERIE-TÍTULO UNIFORME |
| Título uniforme |
Biblioteca románica hispánica, V. |
| -- |
Diccionarios ; |
| Designación de volumen o secuencia |
3 |
| 9 (RLIN) |
179266 |
| 852 ## - LOCALIZACIÓN |
| Ubicación |
ES-MaACL |
| Número de control de estantería |
L-30421-23 |
| Nota libre |
-enc. guaflex |
| -- |
. - Donat. Miguel A. Velasco |
| 942 ## - ELEMENTOS DE ENTRADA SECUNDARIOS (KOHA) |
| Fuente del sistema de clasificación o colocación |
Clasificación decimal universal |